00620 2200229 4500001002100000005001500021035002000036007000300056008004100059020002200100082002400122084002400146245004100170250001100211300003700222264003400259336002100293337003000314338002300344990001300367990001000380INLIS00000000000024820220617053015 a0010-0622000245ta220617 0  a978-602-0851-56-3 a899.221 308 5 PID m a899.221 308 5 PID m aMilea, suara dari Dilan /cPidi Baiq acet. 1 a4 3/4 inci :bilustrasi ;c20 cm aJakarta :bpastel book,c2017 2rdacontentaTeks 2rdamediaaTampa Perantara 2rdacarrieraVolume a24000122 a21.22